Who Sung That Song - Glee Version - Statistics

General Stats
  • This quiz has been taken 184 times
  • The average score is 17 of 26
Answer Stats
Song Character % Correct
Jessie's Girl Finn Hudson
93%
Don't Rain on My Parade Rachel Berry
91%
Valerie Santana Lopez
86%
Defying Gravity Kurt Hummel
85%
I Will Always Love You Mercedes Jones
82%
Papa Don't Preach Quinn Fabray
82%
Hey Jude Blaine Anderson
80%
Vogue Sue Sylvester
76%
True Colours Tina Cohen-Chang
74%
Touch a Touch a Touch Me Emma Pillsbury
72%
Forget You Holly Holliday
72%
Keep Holding On Noah 'Puck' Puckerman
68%
Chasing Pavements Marley Rose
66%
Applause Sam Evans
64%
Jolene Shannon/Sheldon Beiste
63%
Signed, Sealed, Delivered, I'm Yours Kitty Wilde
59%
Grease Lightning Ryder Lynn
58%
Never Say Never Jake Puckerman
55%
Total Eclipse of the Heart Jesse St James
55%
Stereo Hearts Joe Hart
55%
Big Spender Sugar Motta
54%
Alone April Rhodes
44%
I Know Where I've Been Wade 'Unique' Adams
43%
Over the Rainbow William Schuester
41%
Funny Girl Shelby Corcoran
37%
Tik Tok Brittany S. Pearce
14%
No matching quizzes found
Score Distribution
Percent of People with Each Score
Percentile by Number Answered
Your Score History
You have not taken this quiz